Tunis–Carthage International Airport Destinations (Tunis, Tunisia) - Statistics

General Stats
  • This quiz has been taken 167 times
    83 since last reset
  • The average score is 47 of 70
Answer Stats
Airline Destination % Correct
Nouvelair/Tunisair Milan (Malpensa)
94%
Air France/Nouvelair Paris (Charles de Gaulle)
94%
Air France/Transavia/Tunisair Paris (Orly)
94%
Emirates Dubai (International)
92%
ITA Airways/Tunisair/Tunisair Express Rome (Fiumicino)
92%
Eurowings/Nouvelair Berlin
88%
Lufthansa/Nouvelair/Tunisair Frankfurt
88%
Air France/Nouvelair/Transavia/Tunisair Marseille
88%
Air Europa/Nouvelair/Tunisair Madrid
87%
Lufthansa/Nouvelair/Tunisair Munich
87%
Tunisair Express Naples
87%
Afriqiyah Airways/Libyan Airlines/Libyan Wings/Tunisair Tripoli (Mitiga)
87%
Air Algérie/Nouvelair/Tunisair Algiers
85%
Nouvelair/TUI fly Belgium/Tunisair Brussels
85%
Nouvelair/Transavia/Tunisair Lyon
85%
Egyptair/Tunisair Cairo
83%
Air Arabia/Nouvelair/Royal Air Maroc/Tunisair Casablanca
83%
Nouvelair/Tunisair/Turkish Airlines Istanbul
83%
Nouvelair/Tunisair Toulouse
83%
Etihad Airways Abu Dhabi
81%
Nouvelair/Tunisair/Vueling Barcelona
81%
Nouvelair/Tunisair Bordeaux
81%
Qatar Airways Doha
81%
Nouvelair/Tunisair London (Gatwick)
81%
Tunisair London (Heathrow)
81%
Air France/Nouvelair/Transavia/Tunisair Nice
81%
Royal Jordanian Amman (Queen Alia)
79%
Aegean Airlines Athens
79%
Tunisair Vienna
79%
Edelweiss Air/Tunisair Zurich
79%
Tunisair Lisbon
77%
Nouvelair/Transavia Nantes
77%
Tunisair/Tunisair Express Palermo
77%
Afriqiyah Airways/Berniq Airways/Libyan Airlines Benghazi
75%
Nouvelair/Tunisair Geneva
75%
Eurowings/Nouvelair Hamburg
75%
Nouvelair Lille
75%
Nouvelair Rabat
75%
Nouvelair/Tunisair Express Djerba
73%
Tunisair Venice
73%
Tunisair Oran
71%
Eurowings Cologne/Bonn
69%
Nouvelair/Tunisair Dusseldorf
67%
Nouvelair/Saudia/Tunisair Jeddah
67%
Nouvelair Basel/Mulhouse
65%
Tunisair Dakar (Diass)
65%
Transavia Montpellier
63%
Nouvelair/Tunisair Strasbourg
63%
Eurowings Stuttgart
63%
Tunisair Express Malta
58%
Tunisair Express Sfax
58%
Tunisair Abidjan
56%
Mauritania Airlines/Tunisair Nouakchott
56%
Nouvelair Stockholm (Arlanda)
56%
Nouvelair Copenhagen
54%
Nouvelair/Tunisair Bologna
48%
Tunisair Bamako
46%
Tunisair/Tunisair Express Constantine
46%
Nouvelair/Tunisair Medina
44%
Tunisair Prague
40%
Tunisair Niamey
38%
Libyan Wings Misrata
37%
Tunisair Montreal (Trudeau)
35%
Tunisair Conakry
27%
Tunisair Ouagadougou
27%
Tunisair Express Tozeur
27%
Tunisair Tirana
25%
Libyan Airlines Tobruk
15%
Tunisair Skopje
8%
Afriqiyah Airways/Libyan Airlines Bayda
6%
No matching quizzes found
Score Distribution
Percent of People with Each Score
Percentile by Number Answered
Your Score History
You have not taken this quiz since the last reset